000 00189nam a2200085Ia 4500
008 170617s9999 xx 000 0 und d
100 _aWAUGH ANNE
245 0 _aANATOMY AND PHYSILOGY
260 _bElsvier
260 _c2011
999 _c15562
_d15562